Les grands événements de 2000 - Statistiques

Statistiques générales
  • Ce quiz a été pris 21 fois
  • Le résultat moyen est 3 sur 15
Statistiques - réponses
Hint Extra Hint Réponse % Correct
Naufrage du sous-marin Koursk - 118 morts Russie 12 août
39%
Durée du travail passe à 35 heures France 1er février
33%
Un concorde s'écrase à Gonesse - 113 morts France 25 juillet
33%
Gao Xingjian, prix Nobel de littérature France / Chine 12 octobre
28%
L'Inde compte 1 milliard d'habitants Inde 11 mai
22%
Mort de Claude Sautet France 22 juillet
22%
Mort de Jacques Chaban-Delmas France 10 novembre
17%
Incendie d'un funiculaire à Kaprun - 145 morts Autriche 11 novembre
11%
CAC 40 record à 6922.33 points France 4 septembre
11%
Mort de Claude Autant-Lara France 5 février
11%
Mort de Frédéric Dard France 6 juin
11%
Signature de la charte des droits fondamentaux de l'Union européenne 18 décembre
6%
Vol d'un Cézanne à Oxford Royaume-Uni 1er janvier
6%
Accords de coopération de Cotonou Divers pays 23 juin
6%
Vladimir Poutine élu président Russie 26 mars
6%
Aucun quiz correspondant
Distribution des résultats
% des personnes avec chaque résultat
Percentile par nombre de réponses
Votre historique - résultats
Vous n’avez pas pris ce quiz